000 00970nam a2200253 i 4500
001 45639
003 ES-MaACL
005 20250822063117.0
007 t|
008 030326s1962 sp a |||| | spa d
080 _a394.46(460.315 Alcoy)
100 1 _aColoma Payá, Rafael
_9156348
245 1 0 _aLibro de la fiesta de moros y cristianos de Alcoy /
_cRafael Coloma.
260 _aAlcoy :
_b[s.n.],
_c1962 (
_fImp. Moderna)
300 _a287 p. :
_bil. ;
_c19 cm.
490 1 _aEdición del Instituto Alcoyano de Cultura "Andrés Sempere" ;
_vXIII
504 _aBibliografía: p. 279-287.
586 _aEn port.: Premio del Instituto Alcoyano de Cultura "Andrés Sempere", 1961
650 4 _aMoros y cristianos (Fiesta)
_915198
710 2 _aInstituto Alcoyano de Cultura "Andrés Sempere"
_94790
830 0 _aEdición del Instituto Alcoyano de Cultura "Andrés Sempere" ;
_vXIII
_9229943
852 _aES-MaACL
_jC-21441
999 _c45639
_d45639